00623cam a2200193ua 4500001000400000008003900004040000900043082001100052245007600063250000900139260004400148300002000192653002300212653004400235700002100279942000700300999001300307952010900320481110406n ii |||gr||||Z||||||eng cMAIN a327.54 aShort introduction to the history of Southeast Asia.cBy Richard Allen. a1st. aLondon.:bOxford university press.,970. ax, 306 p.:5 cm. aPolitical science. aHistory of politics in Southjeast Asia.1 aAllen, Richard., cBK c422d422 00104070aMAINbMAINcGEN | 2d2020-09-19l0o327.54 | ALLp96r2020-09-19 00:00:00t1w2020-09-19yBK